[Event "chess.com SpeedChess Q2Sw"]
[Site "chess.com INT"]
[Date "2022.11.12"]
[Round "9"]
[White "Hansen, Eric"]
[Black "Zhu, Jiner"]
[Result "0-1"]
[WhiteElo "2609"]
[BlackElo "2486"]
[PlyCount "82"]
[GameId "2130307567841027"]
[EventDate "2022.11.12"]
[EventType "swiss (blitz)"]
[EventRounds "14"]
[EventCountry "NET"]
[SourceTitle "The Week in Chess 1462"]
[Source "Mark Crowther"]
[SourceDate "2022.11.14"]
[SourceVersion "1"]
[SourceVersionDate "2022.11.14"]
[SourceQuality "2"]

1. d4 Nf6 2. c4 e6 3. Nf3 d5 4. Nc3 Bb4 5. Qa4+ Nc6 6. Bg5 h6 7. Bxf6 Qxf6 8. e3 Bd7 9. Qc2 O-O 10. Be2 dxc4 11. Bxc4 Qe7 12. O-O a6 13. Rac1 Bd6 14. Rfd1 e5 15. h3 exd4 16. exd4 Bf4 17. Nd5 Qd6 18. Nxf4 Qxf4 19. Qc3 Rfe8 20. Bd5 Rad8 21. Re1 Rxe1+ 22. Rxe1 Be8 23. Bb3 Qd6 24. d5 Ne7 25. Rd1 Bb5 26. Ne5 Ng6 27. Ng4 Be2 28. Re1 Bxg4 29. hxg4 Nf4 30. Qd4 c6 31. Qa7 Qd7 32. dxc6 Qxc6 33. f3 g6 34. Qe3 Qf6 35. g3 Nh3+ 36. Kg2 Ng5 37. f4 Qc6+ 38. Kh2 Rd2+ 39. Re2 Nf3+ 40. Kh1 Nd4+ 41. Qe4 Rxe2 0-1

[Event "chess.com SpeedChess Q2Sw"]
[Site "chess.com INT"]
[Date "2022.11.12"]
[Round "12"]
[White "Hansen, Eric"]
[Black "Quispe Arteaga, Gabriel"]
[Result "1/2-1/2"]
[WhiteElo "2609"]
[BlackElo "2374"]
[PlyCount "108"]
[GameId "2130307567845188"]
[EventDate "2022.11.12"]
[EventType "swiss (blitz)"]
[EventRounds "14"]
[EventCountry "NET"]
[SourceTitle "The Week in Chess 1462"]
[Source "Mark Crowther"]
[SourceDate "2022.11.14"]
[SourceVersion "1"]
[SourceVersionDate "2022.11.14"]
[SourceQuality "2"]

1. d4 Nf6 2. c4 e6 3. Nf3 Bb4+ 4. Bd2 Be7 5. Nc3 d5 6. Qc2 c5 7. dxc5 O-O 8. e3 Nc6 9. a3 Bxc5 10. Rd1 Qe7 11. b4 Bd6 12. Bd3 dxc4 13. Bxc4 a5 14. Nb5 axb4 15. Nxd6 Qxd6 16. axb4 Nxb4 17. Qb1 Nc6 18. O-O Qe7 19. Bb5 e5 20. h3 Be6 21. Bxc6 bxc6 22. Nxe5 Bd5 23. Qf5 Rfe8 24. Ng4 Nxg4 25. Qxg4 Qe4 26. Qg3 Qg6 27. Qh2 Ra2 28. Bc3 h5 29. Bd4 Rc2 30. f3 Ra8 31. e4 Raa2 32. Rf2 Rxf2 33. Bxf2 Be6 34. h4 Kh7 35. Bd4 Rc2 36. Bf2 c5 37. Qb8 Bh3 38. Qh2 Be6 39. Qe5 c4 40. Rd8 Bh3 41. Qg5 Qxg5 42. hxg5 Be6 43. Bd4 Rd2 44. Bb6 Rxd8 45. Bxd8 c3 46. Ba5 c2 47. Bd2 Bc4 48. Kf2 Kg6 49. Kg3 Bd3 50. Bc1 f6 51. gxf6 gxf6 52. Kf2 f5 53. exf5+ Kxf5 54. g3 Bc4 1/2-1/2

[Event "chess.com SpeedChess Q2Sw"]
[Site "chess.com INT"]
[Date "2022.11.12"]
[Round "13"]
[White "Hansen, Eric"]
[Black "Fernandez Guillen, Ernesto J"]
[Result "1-0"]
[WhiteElo "2609"]
[BlackElo "2462"]
[PlyCount "71"]
[GameId "2130307567845202"]
[EventDate "2022.11.12"]
[EventType "swiss (blitz)"]
[EventRounds "14"]
[EventCountry "NET"]
[SourceTitle "The Week in Chess 1462"]
[Source "Mark Crowther"]
[SourceDate "2022.11.14"]
[SourceVersion "1"]
[SourceVersionDate "2022.11.14"]
[SourceQuality "2"]

1. d4 Nf6 2. c4 g6 3. Nf3 d6 4. Nc3 Bg7 5. e4 O-O 6. h3 e5 7. d5 Nbd7 8. Be3 Nh5 9. g3 f5 10. exf5 gxf5 11. Ng5 Qe8 12. Be2 Ndf6 13. Qc2 f4 14. gxf4 exf4 15. Bd4 h6 16. Nf3 c5 17. dxc6 bxc6 18. c5 d5 19. O-O-O Ne4 20. Rdg1 Kh8 21. Rxg7 Nxg7 22. Rg1 Rg8 23. Ne5 Bf5 24. Nxe4 dxe4 25. Qc3 Kh7 26. Ng4 Bxg4 27. Bxg4 Qf7 28. Re1 Rae8 29. Be5 h5 30. Bd1 Qd5 31. Bxf4 Nf5 32. Bxh5 Re7 33. Rd1 Qxa2 34. Qf6 Qa1+ 35. Kc2 Qa4+ 36. Kb1 1-0

[Event "chess.com SpeedChess Q2Sw"]
[Site "chess.com INT"]
[Date "2022.11.12"]
[Round "14"]
[White "Aditya, Mittal"]
[Black "Hansen, Eric"]
[Result "0-1"]
[WhiteElo "2486"]
[BlackElo "2609"]
[PlyCount "90"]
[GameId "2130307567849315"]
[EventDate "2022.11.12"]
[EventType "swiss (blitz)"]
[EventRounds "14"]
[EventCountry "NET"]
[SourceTitle "The Week in Chess 1462"]
[Source "Mark Crowther"]
[SourceDate "2022.11.14"]
[SourceVersion "1"]
[SourceVersionDate "2022.11.14"]
[SourceQuality "2"]

1. d4 Nf6 2. c4 e6 3. Nf3 Bb4+ 4. Bd2 Be7 5. Nc3 d5 6. Bf4 O-O 7. a3 Nbd7 8. Nb5 Ne8 9. e3 c6 10. Nc3 Bd6 11. Bxd6 Nxd6 12. c5 Ne4 13. Nxe4 dxe4 14. Nd2 f5 15. Bc4 Kh8 16. Bxe6 Nxc5 17. Bc4 Nd7 18. O-O Nf6 19. f3 exf3 20. Qxf3 Re8 21. Rae1 g6 22. Kh1 Be6 23. Bxe6 Rxe6 24. b4 Qe7 25. Nb3 b6 26. b5 Qxa3 27. Rb1 Qa4 28. Rfc1 Rae8 29. bxc6 Rxe3 30. Qxe3 Rxe3 31. c7 Re8 32. c8=Q Rxc8 33. Rxc8+ Kg7 34. Nd2 Nd5 35. Nf3 a5 36. Re1 Kh6 37. h4 Kh5 38. Rh8 h6 39. Re5 Nf4 40. Re7 Qa1+ 41. Ne1 Nd3 42. Kh2 Nxe1 43. Reh7 Kxh4 44. Rxh6+ Kg5 45. Rh3 f4 0-1

[Event "Titled Tuesday 2022.11.08 Late"]
[Site "chess.com INT"]
[Date "2022.11.08"]
[Round "2"]
[White "Ansh, M Shah"]
[Black "Hansen, Eric"]
[Result "0-1"]
[WhiteElo "2184"]
[BlackElo "2609"]
[PlyCount "140"]
[GameId "2130307567945150"]
[EventDate "2022.11.08"]
[EventType "swiss (blitz)"]
[EventRounds "11"]
[EventCountry "NET"]
[SourceTitle "The Week in Chess 1462"]
[Source "Mark Crowther"]
[SourceDate "2022.11.14"]
[SourceVersion "1"]
[SourceVersionDate "2022.11.14"]
[SourceQuality "2"]

1. d4 Nf6 2. c4 e6 3. g3 d5 4. Bg2 Bb4+ 5. Nd2 O-O 6. Ngf3 h6 7. O-O b6 8. Ne5 Bb7 9. a3 Be7 10. b4 c5 11. dxc5 bxc5 12. b5 Qc7 13. Bb2 Nbd7 14. Nxd7 Nxd7 15. Qc2 Rac8 16. Rfd1 Rfd8 17. Rac1 d4 18. Bxb7 Qxb7 19. Qe4 Qc7 20. Nf3 Nf6 21. Qc2 Bd6 22. e3 Qb7 23. Qe2 e5 24. Nh4 Re8 25. Nf5 Bf8 26. Nh4 Rcd8 27. Qf3 Qd7 28. Qf5 Qb7 29. Qf3 Qb6 30. Nf5 e4 31. Qg2 Qe6 32. g4 d3 33. h3 Nh7 34. Ng3 Ng5 35. Nh5 Nf3+ 36. Kh1 f6 37. Nf4 Qd6 38. Nxd3 Nh4 39. Qg3 Qxg3 40. fxg3 exd3 41. gxh4 Rxe3 42. Rd2 Bd6 43. Rcd1 Rxh3+ 44. Kg2 Rg3+ 45. Kf2 Bf4 46. Bc3 Rh3 47. Kg2 Rh2+ 48. Kf3 Bxd2 49. Bxd2 Rxh4 50. Bf4 h5 51. gxh5 Rd4 52. Be3 Rxc4 53. Rxd3 Rxh5 54. Rd8+ Kh7 55. Rd7 Rh3+ 56. Ke2 Rc2+ 57. Kd3 Ra2 58. Rxa7 c4+ 59. Kd4 c3 60. Re7 Rxa3 61. b6 Rb3 62. b7 c2 63. Bd2 Rh4+ 64. Kc5 Rh2 65. Bc1 Rh1 66. Bf4 c1=Q+ 67. Bxc1 Rxc1+ 68. Kd6 Rcb1 69. Kc6 Rb6+ 70. Kc5 Rxb7 0-1

[Event "Titled Tuesday 2022.11.01 Late"]
[Site "chess.com INT"]
[Date "2022.11.01"]
[Round "5"]
[White "Hansen, Eric"]
[Black "Kilic, Eray"]
[Result "1-0"]
[WhiteElo "2609"]
[BlackElo "2437"]
[PlyCount "101"]
[GameId "2130307568294301"]
[EventDate "2022.11.01"]
[EventType "swiss (blitz)"]
[EventRounds "11"]
[EventCountry "NET"]
[SourceTitle "The Week in Chess 1461"]
[Source "Mark Crowther"]
[SourceDate "2022.11.07"]
[SourceVersion "1"]
[SourceVersionDate "2022.11.07"]
[SourceQuality "2"]

1. e4 c5 2. Nf3 d6 3. Bb5+ Nd7 4. c3 Ngf6 5. Qe2 a6 6. Ba4 b5 7. Bc2 Bb7 8. O-O e5 9. d4 Be7 10. d5 c4 11. a4 O-O 12. Na3 Qb6 13. Be3 Nc5 14. Nd2 Nfd7 15. b4 cxb3 16. Nxb3 bxa4 17. Nxc5 Nxc5 18. Rfb1 Qc7 19. Bxc5 dxc5 20. Nc4 Rab8 21. Bxa4 Ba8 22. g3 Rxb1+ 23. Rxb1 f5 24. Bc2 Bf6 25. Ra1 Bb7 26. Ne3 f4 27. Nc4 Qd7 28. Bd1 fxg3 29. hxg3 Qe7 30. Rb1 Bc8 31. Nb6 Bb7 32. Qg4 Rd8 33. Ba4 Qd6 34. Bd7 Kh8 35. Be6 Qc7 36. Qh5 g6 37. Qf3 Bg7 38. Nc4 Bc8 39. d6 Qc6 40. Bxc8 Qxc8 41. Qf7 Rf8 42. d7 Qd8 43. Qe6 Bf6 44. Nxe5 Kg7 45. Rb7 h5 46. Nc6 Qa8 47. d8=Q+ Qxb7 48. Qdd7+ Qxd7 49. Qxd7+ Rf7 50. Qd3 Bxc3 51. Qxc3+ 1-0

[Event "Aimchess Rapid Prelim"]
[Site "chess24.com INT"]
[Date "2022.10.14"]
[Round "1.3"]
[White "Hansen, Eric"]
[Black "Naroditsky, D."]
[Result "1/2-1/2"]
[WhiteElo "2613"]
[BlackElo "2617"]
[PlyCount "89"]
[GameId "2130307569214746"]
[EventDate "2022.10.14"]
[EventType "tourn (rapid)"]
[EventRounds "15"]
[EventCountry "USA"]
[EventCategory "18"]
[SourceTitle "The Week in Chess 1458"]
[Source "Mark Crowther"]
[SourceDate "2022.10.17"]
[SourceVersion "1"]
[SourceVersionDate "2022.10.17"]
[SourceQuality "2"]

1. e4 e5 2. Nf3 Nc6 3. Bb5 g6 4. d4 exd4 5. Bg5 Be7 6. Bxe7 Qxe7 7. Bxc6 dxc6 8. Qxd4 Nf6 9. Nc3 Bg4 10. Nd2 c5 11. Qe3 O-O-O 12. h3 Be6 13. O-O-O b6 14. Nf3 Rxd1+ 15. Rxd1 Rd8 16. Re1 Kb8 17. Ne5 Bd7 18. f4 Be8 19. Qf2 h5 20. Nf3 Bc6 21. Qh4 Ng8 22. Qg3 Nf6 23. Qg5 Bb7 24. Ne5 a6 25. g4 hxg4 26. hxg4 Kc8 27. Nd3 Re8 28. Nf2 Bc6 29. Qh4 Kb7 30. Re2 b5 31. g5 Nd7 32. Rd2 Nb6 33. b3 c4 34. Qg3 Qa3+ 35. Kb1 Qb4 36. Rd4 Qc5 37. Ne2 Rh8 38. Rd1 a5 39. Nd4 a4 40. Nxc6 Qxc6 41. Qe3 axb3 42. cxb3 Rh2 43. Rc1 Qd6 44. Qg3 Rh8 45. Qf3 1/2-1/2

[Event "Aimchess Rapid Prelim"]
[Site "chess24.com INT"]
[Date "2022.10.14"]
[Round "3.2"]
[White "Hansen, Eric"]
[Black "Duda, J."]
[Result "0-1"]
[WhiteElo "2613"]
[BlackElo "2731"]
[PlyCount "116"]
[GameId "2130307569218849"]
[EventDate "2022.10.14"]
[EventType "tourn (rapid)"]
[EventRounds "15"]
[EventCountry "USA"]
[EventCategory "18"]
[SourceTitle "The Week in Chess 1458"]
[Source "Mark Crowther"]
[SourceDate "2022.10.17"]
[SourceVersion "1"]
[SourceVersionDate "2022.10.17"]
[SourceQuality "2"]

1. e4 e5 2. Nf3 Nc6 3. Bb5 Nf6 4. O-O Nxe4 5. Re1 Nd6 6. Nxe5 Be7 7. Bf1 Nxe5 8. Rxe5 O-O 9. d4 Ne8 10. c3 d5 11. Bd3 Bd6 12. Re1 g6 13. Nd2 Ng7 14. Nf3 Bf5 15. Bh6 Bxd3 16. Qxd3 c6 17. Re2 Re8 18. Rae1 Rxe2 19. Qxe2 Qd7 20. Ne5 Qe6 21. Ng4 Qxe2 22. Nf6+ Kh8 23. Rxe2 Nf5 24. Bd2 Kg7 25. Ne8+ Kf8 26. Nxd6 Nxd6 27. Bf4 Rd8 28. g4 f6 29. f3 Ne8 30. a4 Kf7 31. Kg2 Ng7 32. b4 Ne6 33. Bg3 Rh8 34. b5 Rc8 35. bxc6 Rxc6 36. Rb2 Nd8 37. Bb8 a6 38. Rb3 Rc4 39. a5 Ke7 40. Bg3 Kd7 41. Rb6 Rc6 42. Rb3 Kc8 43. Kf2 Rc4 44. Ra3 Kd7 45. Ke2 Nc6 46. Kd3 Na7 47. Ra2 Nb5 48. Be1 Rc6 49. Ra4 Nd6 50. Ke2 Nc4 51. Kf2 Re6 52. Ra1 Kc6 53. h4 Re7 54. h5 Kb5 55. Kg3 Nxa5 56. Rb1+ Kc6 57. hxg6 hxg6 58. g5 f5 0-1

[Event "Aimchess Rapid Prelim"]
[Site "chess24.com INT"]
[Date "2022.10.14"]
[Round "4.8"]
[White "Mamedyarov, S."]
[Black "Hansen, Eric"]
[Result "1/2-1/2"]
[WhiteElo "2747"]
[BlackElo "2613"]
[PlyCount "80"]
[GameId "2130307569218856"]
[EventDate "2022.10.14"]
[EventType "tourn (rapid)"]
[EventRounds "15"]
[EventCountry "USA"]
[EventCategory "18"]
[SourceTitle "The Week in Chess 1458"]
[Source "Mark Crowther"]
[SourceDate "2022.10.17"]
[SourceVersion "1"]
[SourceVersionDate "2022.10.17"]
[SourceQuality "2"]

1. d4 Nf6 2. c4 e6 3. Nc3 Bb4 4. Qc2 O-O 5. e4 d6 6. e5 dxe5 7. dxe5 Nfd7 8. Nf3 Nc6 9. a3 Bc5 10. Bf4 f6 11. exf6 Nxf6 12. Bd3 e5 13. Bg5 h6 14. Bxf6 Qxf6 15. Ne4 Qe7 16. Nxc5 Qxc5 17. O-O Rxf3 18. gxf3 Nd4 19. Qd1 Bh3 20. Re1 e4 21. Rxe4 Qg5+ 22. Rg4 Nxf3+ 23. Qxf3 Qxg4+ 24. Qxg4 Bxg4 25. Re1 Rd8 26. Re3 Kf7 27. Kg2 Rd4 28. f3 Be6 29. b3 b6 30. Kg3 g5 31. Be4 a5 32. a4 Kf6 33. h4 Rd2 34. hxg5+ hxg5 35. f4 gxf4+ 36. Kxf4 Rf2+ 37. Kg3 Rb2 38. Kf4 Rf2+ 39. Kg3 Rb2 40. Kf4 Rf2+ 1/2-1/2

[Event "Aimchess Rapid Prelim"]
[Site "chess24.com INT"]
[Date "2022.10.15"]
[Round "5.1"]
[White "Hansen, Eric"]
[Black "Giri, A."]
[Result "0-1"]
[WhiteElo "2613"]
[BlackElo "2764"]
[PlyCount "78"]
[GameId "2130307569218857"]
[EventDate "2022.10.14"]
[EventType "tourn (rapid)"]
[EventRounds "15"]
[EventCountry "USA"]
[EventCategory "18"]
[SourceTitle "The Week in Chess 1458"]
[Source "Mark Crowther"]
[SourceDate "2022.10.17"]
[SourceVersion "1"]
[SourceVersionDate "2022.10.17"]
[SourceQuality "2"]

1. e4 c6 2. d4 d5 3. e5 Bf5 4. Nf3 e6 5. Be2 Ne7 6. Nbd2 c5 7. dxc5 Nec6 8. Nb3 Nd7 9. Be3 Be4 10. Ng5 Bxg2 11. Rg1 Be4 12. Nxe4 dxe4 13. Rg4 Ndxe5 14. Qxd8+ Rxd8 15. Rxe4 f5 16. Ra4 Be7 17. Nd4 Kf7 18. Nxc6 Nxc6 19. Bf3 e5 20. Bxc6 bxc6 21. Rxa7 f4 22. Bd2 Ke6 23. b4 Rd4 24. Bc3 Rc4 25. Bxe5 Re4+ 26. Kf1 Rxe5 27. Rd1 Rb8 28. c3 Kf5 29. a4 Bf6 30. Rc7 Re6 31. Rd3 g5 32. Rxh7 g4 33. h3 f3 34. Rh5+ Kf4 35. hxg4 Kxg4 36. Rh6 Rbe8 37. Re3 Rxe3 38. fxe3 Bh4 39. Rg6+ Kh3 0-1

[Event "Aimchess Rapid Prelim"]
[Site "chess24.com INT"]
[Date "2022.10.15"]
[Round "6.8"]
[White "Hansen, Eric"]
[Black "Keymer, Vincent"]
[Result "1/2-1/2"]
[WhiteElo "2613"]
[BlackElo "2700"]
[PlyCount "83"]
[GameId "2130307569218863"]
[EventDate "2022.10.14"]
[EventType "tourn (rapid)"]
[EventRounds "15"]
[EventCountry "USA"]
[EventCategory "18"]
[SourceTitle "The Week in Chess 1458"]
[Source "Mark Crowther"]
[SourceDate "2022.10.17"]
[SourceVersion "1"]
[SourceVersionDate "2022.10.17"]
[SourceQuality "2"]

1. e4 c6 2. Nc3 d5 3. Nf3 dxe4 4. Nxe4 Nf6 5. d3 Bf5 6. Qe2 e6 7. Bd2 Nbd7 8. O-O-O Qb6 9. h3 Bxe4 10. dxe4 Bc5 11. Be1 e5 12. g4 h6 13. g5 hxg5 14. Nxg5 Rf8 15. h4 O-O-O 16. Qc4 Bxf2 17. Nxf7 Bxe1 18. Rxe1 Qf2 19. Bh3 Qf4+ 20. Kb1 Nxe4 21. Qxe4 Rxf7 22. Qxe5 Qxe5 23. Rxe5 Kc7 24. Rg5 Nf6 25. Bf5 Re7 26. Rhg1 Kb6 27. a3 Rd5 28. b4 Ne4 29. Bxe4 Rxg5 30. Rxg5 Rxe4 31. h5 Re7 32. Kb2 Kc7 33. Kb3 Kd7 34. Rg6 Ke8 35. h6 gxh6 36. Rxh6 Kd7 37. Rh8 Kc7 38. a4 a6 39. a5 Rg7 40. Rh5 Re7 41. c3 Rf7 42. Rg5 1/2-1/2

[Event "Aimchess Rapid Prelim"]
[Site "chess24.com INT"]
[Date "2022.10.15"]
[Round "7.2"]
[White "Aditya, Mittal"]
[Black "Hansen, Eric"]
[Result "1/2-1/2"]
[WhiteElo "2486"]
[BlackElo "2613"]
[PlyCount "67"]
[GameId "2130307569218865"]
[EventDate "2022.10.14"]
[EventType "tourn (rapid)"]
[EventRounds "15"]
[EventCountry "USA"]
[EventCategory "18"]
[SourceTitle "The Week in Chess 1458"]
[Source "Mark Crowther"]
[SourceDate "2022.10.17"]
[SourceVersion "1"]
[SourceVersionDate "2022.10.17"]
[SourceQuality "2"]

1. d4 Nf6 2. c4 e6 3. Nf3 Bb4+ 4. Bd2 Be7 5. Nc3 d5 6. Bf4 O-O 7. a3 c5 8. dxc5 dxc4 9. e3 Bxc5 10. Bxc4 a6 11. Qxd8 Rxd8 12. Na4 Ba7 13. Bc7 Rd7 14. Bb6 Rd6 15. Bxa7 Rxa7 16. Rc1 Bd7 17. Nc5 Bc6 18. Ke2 Kf8 19. b4 Ke7 20. Ne5 Nfd7 21. Nxc6+ Rxc6 22. Nxd7 Nxd7 23. Bd3 a5 24. Bb5 Rxc1 25. Rxc1 b6 26. f4 axb4 27. axb4 Nf6 28. Rc6 Ra2+ 29. Kf3 Rb2 30. Rc7+ Kf8 31. Rc8+ Ke7 32. Rc7+ Kf8 33. Rc8+ Ke7 34. Rc7+ 1/2-1/2

[Event "Aimchess Rapid Prelim"]
[Site "chess24.com INT"]
[Date "2022.10.15"]
[Round "8.7"]
[White "Hansen, Eric"]
[Black "Rapport, R."]
[Result "0-1"]
[WhiteElo "2613"]
[BlackElo "2754"]
[PlyCount "56"]
[GameId "2130307569218868"]
[EventDate "2022.10.14"]
[EventType "tourn (rapid)"]
[EventRounds "15"]
[EventCountry "USA"]
[EventCategory "18"]
[SourceTitle "The Week in Chess 1458"]
[Source "Mark Crowther"]
[SourceDate "2022.10.17"]
[SourceVersion "1"]
[SourceVersionDate "2022.10.17"]
[SourceQuality "2"]

1. e4 d6 2. d4 Nf6 3. Nc3 e5 4. Nf3 Nbd7 5. Rg1 g6 6. g4 Bg7 7. g5 Nh5 8. Be3 O-O 9. Qd2 c6 10. O-O-O Re8 11. dxe5 dxe5 12. Na4 Qc7 13. Qc3 Nf4 14. h4 Ne6 15. Qd2 b5 16. Nc3 Bf8 17. h5 b4 18. Ne2 c5 19. Ng3 Nd4 20. Bxd4 exd4 21. Nh4 Bd6 22. hxg6 Bf4 23. gxf7+ Kxf7 24. Bc4+ Kf8 25. g6 Bxd2+ 26. Rxd2 Ne5 27. Bd5 Bb7 28. Ngf5 hxg6 0-1

[Event "Aimchess Rapid Prelim"]
[Site "chess24.com INT"]
[Date "2022.10.16"]
[Round "9.3"]
[White "Anton Guijarro, D."]
[Black "Hansen, Eric"]
[Result "1-0"]
[WhiteElo "2655"]
[BlackElo "2613"]
[PlyCount "89"]
[GameId "2130307569218872"]
[EventDate "2022.10.14"]
[EventType "tourn (rapid)"]
[EventRounds "15"]
[EventCountry "USA"]
[EventCategory "18"]
[SourceTitle "The Week in Chess 1458"]
[Source "Mark Crowther"]
[SourceDate "2022.10.17"]
[SourceVersion "1"]
[SourceVersionDate "2022.10.17"]
[SourceQuality "2"]

1. d4 Nf6 2. Nf3 e6 3. Bg5 c5 4. d5 Qa5+ 5. c3 Nxd5 6. e4 Ne7 7. Na3 Ng6 8. h4 h6 9. Be3 Nc6 10. h5 Nge5 11. Nxe5 Nxe5 12. f4 Nc6 13. e5 Qd8 14. Nc4 b6 15. Qg4 d5 16. exd6 Qd7 17. O-O-O f6 18. Bd3 Kd8 19. Rhe1 b5 20. Na3 c4 21. Be4 Rb8 22. Bc5 b4 23. Bxc6 Qxc6 24. Bxb4 Rxb4 25. cxb4 Bd7 26. f5 e5 27. Qxc4 Qxc4+ 28. Nxc4 Bxf5 29. b5 g6 30. hxg6 Bxg6 31. a4 h5 32. b3 h4 33. Kb2 Rg8 34. Rd2 Bh6 35. Rf2 Bf4 36. Rh1 Be4 37. Rxf4 exf4 38. Rxh4 Rxg2+ 39. Kc3 Rf2 40. b6 a6 41. Kd4 Bc6 42. Rh8+ Kd7 43. Rh7+ Ke6 44. Re7+ Kf5 45. d7 1-0

[Event "Aimchess Rapid Prelim"]
[Site "chess24.com INT"]
[Date "2022.10.16"]
[Round "11.4"]
[White "Vidit, S."]
[Black "Hansen, Eric"]
[Result "0-1"]
[WhiteElo "2710"]
[BlackElo "2613"]
[PlyCount "72"]
[GameId "2130307569218880"]
[EventDate "2022.10.14"]
[EventType "tourn (rapid)"]
[EventRounds "15"]
[EventCountry "USA"]
[EventCategory "18"]
[SourceTitle "The Week in Chess 1458"]
[Source "Mark Crowther"]
[SourceDate "2022.10.17"]
[SourceVersion "1"]
[SourceVersionDate "2022.10.17"]
[SourceQuality "2"]

1. e4 e5 2. Nf3 Nf6 3. Nxe5 d6 4. Nf3 Nxe4 5. d4 d5 6. Bd3 Be7 7. O-O Bf5 8. Re1 O-O 9. Nbd2 Nd6 10. Nf1 c6 11. Ng3 Bxd3 12. Qxd3 Na6 13. b3 Re8 14. c4 Bf8 15. Bd2 f6 16. c5 Nf7 17. h4 Qd7 18. h5 Nc7 19. Nh4 Rxe1+ 20. Rxe1 Re8 21. Rxe8 Qxe8 22. Qf3 Ne6 23. Qg4 Neg5 24. Nhf5 g6 25. hxg6 hxg6 26. Nh4 f5 27. Ngxf5 gxf5 28. Nxf5 Qe4 29. Bf4 Bg7 30. Kh2 Ne6 31. g3 Nfg5 32. Nxg7 Kxg7 33. Be5+ Kg6 34. f4 Qf3 35. Qh4 Qf2+ 36. Kh1 Qf1+ 0-1

[Event "Aimchess Rapid Prelim"]
[Site "chess24.com INT"]
[Date "2022.10.16"]
[Round "12.5"]
[White "Hansen, Eric"]
[Black "Gukesh, D."]
[Result "0-1"]
[WhiteElo "2613"]
[BlackElo "2732"]
[PlyCount "100"]
[GameId "2130307569218883"]
[EventDate "2022.10.14"]
[EventType "tourn (rapid)"]
[EventRounds "15"]
[EventCountry "USA"]
[EventCategory "18"]
[SourceTitle "The Week in Chess 1458"]
[Source "Mark Crowther"]
[SourceDate "2022.10.17"]
[SourceVersion "1"]
[SourceVersionDate "2022.10.17"]
[SourceQuality "2"]

1. e4 c6 2. Nf3 d5 3. d3 Bg4 4. h3 Bxf3 5. Qxf3 e6 6. g3 Nf6 7. Bg2 Be7 8. O-O O-O 9. Re1 a5 10. Qe2 Na6 11. Nd2 a4 12. a3 Nc5 13. e5 Nfd7 14. Nf3 b5 15. h4 Re8 16. Ng5 h6 17. Nh3 Bf8 18. Nf4 Na6 19. d4 c5 20. c3 cxd4 21. cxd4 b4 22. Qg4 bxa3 23. bxa3 Nab8 24. Nh3 Kh8 25. Qh5 g6 26. Qf3 Qe7 27. h5 g5 28. Qc3 f5 29. Rb1 Ra7 30. Bf1 Qd8 31. Bd2 Rc7 32. Qd3 Nc6 33. Rb5 Qe7 34. Ra1 Rec8 35. Be3 Na7 36. Rb4 Qe8 37. Qd1 Bxb4 38. axb4 Nb6 39. Ba6 Ra8 40. Kg2 Nb5 41. Bxb5 Qxb5 42. g4 Nc4 43. Bc1 Qe8 44. f4 gxf4 45. gxf5 Qg8+ 46. Kf1 Ne3+ 47. Bxe3 fxe3 48. Nf4 Qg3 49. Ng6+ Kg8 50. Ra2 Rac8 0-1

[Event "Aimchess Rapid Prelim"]
[Site "chess24.com INT"]
[Date "2022.10.17"]
[Round "13.5"]
[White "Harikrishna, P."]
[Black "Hansen, Eric"]
[Result "1-0"]
[WhiteElo "2717"]
[BlackElo "2613"]
[PlyCount "65"]
[GameId "2130307569218888"]
[EventDate "2022.10.14"]
[EventType "tourn (rapid)"]
[EventRounds "15"]
[EventCountry "USA"]
[EventCategory "18"]
[SourceTitle "The Week in Chess 1458"]
[Source "Mark Crowther"]
[SourceDate "2022.10.17"]
[SourceVersion "1"]
[SourceVersionDate "2022.10.17"]
[SourceQuality "2"]

1. e4 c5 2. Nf3 e6 3. Be2 Nc6 4. O-O Nf6 5. Nc3 Qc7 6. d4 cxd4 7. Nxd4 a6 8. Be3 d6 9. f4 Be7 10. Kh1 O-O 11. Qe1 Bd7 12. Qg3 Nxd4 13. Bxd4 Bc6 14. Bd3 Rad8 15. e5 dxe5 16. Bxe5 Qa5 17. Rae1 Nh5 18. Qh3 g6 19. Re3 f5 20. Bc4 Ng7 21. Qh6 Bf6 22. Bxf6 Rxf6 23. Qh4 Kf7 24. Qxh7 Rd2 25. Rg3 Rxc2 26. Be2 Rxb2 27. h4 Rc2 28. h5 Rxc3 29. Bf3 Bxf3 30. gxf3 Qb5 31. Rfg1 Ke8 32. Qxg7 Rf7 33. Qxc3 1-0

[Event "Aimchess Rapid Prelim"]
[Site "chess24.com INT"]
[Date "2022.10.17"]
[Round "14.4"]
[White "Hansen, Eric"]
[Black "Abdusattorov, Nodirbek"]
[Result "1-0"]
[WhiteElo "2613"]
[BlackElo "2713"]
[PlyCount "87"]
[GameId "2130307569218890"]
[EventDate "2022.10.14"]
[EventType "tourn (rapid)"]
[EventRounds "15"]
[EventCountry "USA"]
[EventCategory "18"]
[SourceTitle "The Week in Chess 1458"]
[Source "Mark Crowther"]
[SourceDate "2022.10.17"]
[SourceVersion "1"]
[SourceVersionDate "2022.10.17"]
[SourceQuality "2"]

1. e4 c6 2. Nf3 d5 3. d3 Bg4 4. h3 Bxf3 5. Qxf3 e6 6. g3 Nd7 7. Bg2 Bc5 8. Qe2 Ne7 9. Nd2 O-O 10. O-O a5 11. Nf3 a4 12. d4 dxe4 13. Qxe4 Bd6 14. c4 a3 15. b3 Qa5 16. Bd2 Bb4 17. Qf4 Bxd2 18. Nxd2 e5 19. dxe5 Ng6 20. Qe3 Qxe5 21. Qxe5 Ngxe5 22. Ne4 Rad8 23. Rad1 Nb8 24. Nd6 Rd7 25. Rfe1 f6 26. c5 Rfd8 27. b4 Na6 28. Rb1 Nd3 29. Re4 b6 30. Nf5 bxc5 31. Ne7+ Kf8 32. Nxc6 Re8 33. b5 Nab4 34. Rb3 Rxe4 35. Bxe4 Nb2 36. Nxb4 cxb4 37. b6 Rd8 38. Rxb4 Rb8 39. b7 Ke7 40. Rd4 Ke6 41. f4 g5 42. Kf2 h5 43. h4 gxf4 44. gxf4 1-0

[Event "Aimchess Rapid Prelim"]
[Site "chess24.com INT"]
[Date "2022.10.17"]
[Round "15.6"]
[White "Grandelius, N."]
[Black "Hansen, Eric"]
[Result "0-1"]
[WhiteElo "2651"]
[BlackElo "2613"]
[PlyCount "67"]
[GameId "2130307569218895"]
[EventDate "2022.10.14"]
[EventType "tourn (rapid)"]
[EventRounds "15"]
[EventCountry "USA"]
[EventCategory "18"]
[SourceTitle "The Week in Chess 1458"]
[Source "Mark Crowther"]
[SourceDate "2022.10.17"]
[SourceVersion "1"]
[SourceVersionDate "2022.10.17"]
[SourceQuality "2"]

1. d4 Nf6 2. c4 e6 3. Nf3 Bb4+ 4. Bd2 Be7 5. Nc3 d5 6. cxd5 exd5 7. Bf4 c6 8. e3 Bf5 9. Nh4 Bg6 10. Nxg6 hxg6 11. Qb3 Qb6 12. Qc2 Nbd7 13. Bd3 Nh5 14. Be5 Nxe5 15. dxe5 d4 16. exd4 Qxd4 17. O-O-O Qxe5 18. Rhe1 Qc5 19. Ne4 Qxc2+ 20. Bxc2 Nf4 21. Nd6+ Kf8 22. g3 Nd5 23. Nxb7 Rxh2 24. Re2 Rb8 25. Na5 Bg5+ 26. Rdd2 Bxd2+ 27. Rxd2 Rb5 28. Nxc6 Rc5 29. Nxa7 Nb4 30. b3 Nxc2 31. Rxc2 Rxc2+ 32. Kxc2 Rxf2+ 33. Kc3 Rxa2 34. Nc6 0-1